000 00901nam a2200229Ia 4500
001 3724
003 GE_BSU
008 181216s||||||||xx |||||||||||||| ||und||
020 _a9789941174858
040 _cGE_BSU
080 _a39(479.224)
100 _aბახია–ოქრუაშვილი, სალომე.
245 _aაფხაზთა ეთნოლოგია.
245 _bსახელმძღვანლო ჰუმანიტარულ მეცნიერებათა შემსწავლელი სტუდენტებისათვის.
245 _cრედ. როლანდ თოფჩიაშვილი.
260 _aთბილისი
260 _bუნივერსალი
260 _c2011
300 _a245 გვ. 20 სმ.
653 _aაფხაზთა ეთნოლოგია.
942 _cBK
999 _c37748
_d37748